Rozhodovacie procesy v manažérstve
Charakteristika a štruktúra rozhodovacích procesov. Postupné kroky a druhy rozhodovacích procesov. Technika rozhodovacích metód manažérov. Pragmatické, realizovateľné riešenia.
Enregistré dans:
| Auteur principal: | |
|---|---|
| Format: | Chapitre de livre |
| Langue: | slovaque |
| Sujets: | |
| Tags: |
Pas de tags, Soyez le premier à ajouter un tag!
|
MARC
| LEADER | 00000naa a2200000 4500 | ||
|---|---|---|---|
| 001 | 0124116 | ||
| 005 | 20231116120905.5 | ||
| 041 | 0 | |a slo | |
| 044 | |a SK | ||
| 245 | 1 | 0 | |a Rozhodovacie procesy v manažérstve |c Marek Šolc |
| 520 | |a Charakteristika a štruktúra rozhodovacích procesov. Postupné kroky a druhy rozhodovacích procesov. Technika rozhodovacích metód manažérov. Pragmatické, realizovateľné riešenia. | ||
| 610 | 2 | 0 | |a manažéri |
| 610 | 2 | 0 | |a rozhodovanie manažérske |
| 610 | 2 | 0 | |a rozhodovanie strategické |
| 610 | 2 | 0 | |a procesy rozhodovacie |
| 610 | 2 | 0 | |a programy riadiace |
| 610 | 2 | 0 | |a rozhodovanie taktické |
| 610 | 2 | 0 | |a ciele riadenia |
| 610 | 2 | 0 | |a metódy rozhodovania |
| 100 | 1 | |a Šolc, Marek | |